Word Ladder: Sporcle Is... Quiz Stats

Quiz Updated Nov 17, 2014

Challenge
Share
Tweet
Embed
Score 0/15 Timer 01:30
0 Plays Today
Hint 4-Letter Word % Correct
Hard Rock ____CAFE
96.4%
IdenticalSAME
95%
Arrange into pilesSORT
94.8%
Cold or canker ____SORE
94.8%
Granny Smith remnantCORE
93.8%
✘ SECURE ✘✘ SAFE ✘
93.3%
✘ MEN AT ____✘ WORK ✘
92.9%
Santa's suit smudgeSOOT
91.7%
Hint 4-Letter Word % Correct
Kind of packageCARE
91.1%
Pitch or tuning ____FORK
88.8%
Kleenex depositSNOT
88.1%
Cabbie's questFARE
84.1%
Bowie/Lennon songFAME
79.8%
✘ TIGER'S ROAR? ✘✘ FORE ✘
76.8%
✘ MONKEY'S PAW, E.G. ✘✘ KNOT ✘
48.5%

Today's Daily Dose

Word Ladder
Summertime

On This Day
June 23rd II

You're not logged in!

Compare scores with friends on all Sporcle quizzes.
Join for Free
OR
Log In

You Might Also Like...

Show Comments

Extras

Top Quizzes Today


Score Distribution

Your Account Isn't Verified!

In order to create a playlist on Sporcle, you need to verify the email address you used during registration. Go to your Sporcle Settings to finish the process.

Report this User

Report this user for behavior that violates our Community Guidelines.

Details: